000 01956cam a2200241 4500500
005 20260322003355.0
041 _afre
042 _adc
100 1 0 _aThierry, Guillaume
_eauthor
700 1 0 _aSanoudaki, Eirini
_eauthor
245 0 0 _aNon Selective Lexical Access in Early Bilinguals
260 _c2012.
500 _a35
520 _aIt is now widely accepted that lexical access is language non-selective in bilinguals. However, in the domain of syntax, it is much less clear whether such non-selectivity applies. Observational production studies have highlighted many instances of syntactic borrowing between languages in bilingual children and such borrowings tend to remain in adulthood. In the present study, we have tested for the first time whether such syntactic co-activation effects also exist in comprehension, in the case of early fluent bilinguals. We used event-related potentials in conjunction with a binary decision paradigm known to elicit modulations of the N2 component to show that Welsh-English bilingual participants are prepared to accept an adjective in post-nominal position in an English sentence despite the fact such word order is illegal in English. This effect, which was not found in English monolingual participants, can be interpreted as the consequence of Welsh grammar activation because the adjective is in post-nominal position in Welsh. Our results allow us to conclude that syntactic activation is language non-selective during reading in early bilinguals.
690 _abilingualism
690 _aevent-related potentials
690 _alanguage non-selective access
690 _aN2
690 _asentence comprehension
690 _asyntactic processing
786 0 _nRevue française de linguistique appliquée | XVII | 2 | 2012-12-01 | p. 33-48 | 1386-1204
856 4 1 _uhttps://shs.cairn.info/journal-revue-francaise-de-linguistique-appliquee-2012-2-page-33?lang=en&redirect-ssocas=7080
999 _c1731447
_d1731447